000 01057nam a22003377a 4500
003 CHAP
005 20220817044421.0
008 110202s2009 fr a r 00010 spa d
010 _a100414
011 _a101386
035 _a112074
040 _cCHAP
090 _aFolleto 17909
110 2 _aFAO
245 1 3 _aRecursos naturales :
_blos desafíos de la escasez y el camio climático
_c/por FAO
260 _aRome :
_bFAO,
_c2009
300 _a1 hoja :
_bilus.
490 0 _aPor un mundo sin hambre
590 _aBATCH-UPD
_b10
_c20130110
_lUCH01
_h0948
590 _aBATCH-UPD
_b10
_c20130410
_lUCH01
_h0603
590 _aBATCH-UPD
_b10
_c20130914
_lUCH01
_h0821
590 _aCONVERSION
_b10
_c20130109
_lUCH01
_h1355
650 1 4 _aCambio climático.
_917781
650 1 4 _aEscasez de alimentos.
_937476
650 1 4 _aRecursos naturales.
_995172
650 1 4 _aTierras
_xTenencia.
_9113130
830 0 _aPor un mundo sin hambre
_990926
901 _aBK
942 _cFOLL
949 _aFolleto 17909
_bBC
_cFAO
_d33724002229743
_eFAO1
_gDonaciØn
_i112074
_sb
999 _c100414
_d100414